Coupe du Monde de Football - Participant ? #8 - Statistiques

Statistiques générales
  • Ce quiz a été pris 68 fois
  • Le résultat moyen est 13 sur 15
Statistiques - réponses
Hint Réponse % Correct
Somalie Incorrect
100%
Grèce Correct
98%
Turquie Correct
97%
Costa Rica Correct
95%
Îles Féroé Incorrect
95%
Grenade Incorrect
95%
Mauritanie Incorrect
93%
Birmanie Incorrect
93%
Libye Incorrect
88%
Zimbabwe Incorrect
88%
Azerbaïdjan Incorrect
83%
Arménie Incorrect
83%
Monténégro Incorrect
83%
Guinée Incorrect
71%
Irlande du Nord Correct
66%
Aucun quiz correspondant
Distribution des résultats
% des personnes avec chaque résultat
Percentile par nombre de réponses
Votre historique - résultats
Vous n’avez pas pris ce quiz